[Event "RUS-ch 60th zt"]
[Site "Rostov on Don"]
[Date "2007.03.??"]
[Round "1"]
[White "Lugovoi, Yuriy"]
[Black "Korochenskiy, Alexey"]
[Result "0-1"]
[WhiteElo "1952"]
[BlackElo "2269"]
[PlyCount "46"]
[EventDate "2007.03.16"]
[EventType "swiss"]
[EventRounds "9"]
[EventCountry "RUS"]
[SourceTitle "EXT 2022"]
[Source "ChessBase"]
[SourceDate "2021.10.06"]
[SourceVersion "1"]
[SourceVersionDate "2021.10.06"]
[SourceQuality "1"]

1. d4 Nf6 2. c4 g6 3. Nc3 d5 4. cxd5 Nxd5 5. e4 Nxc3 6. bxc3 Bg7 7. Be3 c5 8. Qd2 Qa5 9. Rc1 cxd4 10. cxd4 Qxd2+ 11. Bxd2 0-0 12. d5 e6 13. Bc4 exd5 14. Bxd5 Nd7 15. Rc7 Be5 16. Bxb7 Bxc7 17. Bxa8 Ba6 18. Bd5 Rb8 19. Ne2 Rb1+ 20. Nc1 Ne5 21. Kd1 Nd3 22. Kc2 Rb2+ 23. Kc3 Be5# 0-1

[Event "RUS-ch 60th zt"]
[Site "Rostov on Don"]
[Date "2007.03.??"]
[Round "8"]
[White "Rjabzev, Konstantin"]
[Black "Korochenskiy, Alexey"]
[Result "1-0"]
[WhiteElo "2387"]
[BlackElo "2269"]
[PlyCount "56"]
[EventDate "2007.03.16"]
[EventType "swiss"]
[EventRounds "9"]
[EventCountry "RUS"]
[SourceTitle "EXT 2022"]
[Source "ChessBase"]
[SourceDate "2021.10.06"]
[SourceVersion "1"]
[SourceVersionDate "2021.10.06"]
[SourceQuality "1"]

1. e4 e6 2. d4 d5 3. Nd2 Nf6 4. e5 Nfd7 5. c3 c5 6. f4 cxd4 7. cxd4 Nc6 8. Ndf3 f6 9. a3 b5 10. Bd3 Qb6 11. Ne2 b4 12. a4 a5 13. b3 Ba6 14. f5 fxe5 15. fxe6 Nf6 16. Bxa6 Rxa6 17. dxe5 Ne4 18. Rf1 d4 19. Nfxd4 Nxe5 20. Rf5 Bd6 21. Bf4 Rf8 22. Rxe5 Bxe5 23. Bxe5 Qc5 24. Rc1 Qxe5 25. Rc8+ Ke7 26. Nc6+ Rxc6 27. Qd7+ Kf6 28. Rxf8+ Kg5 1-0

[Event "Voronezh op"]
[Site "Voronezh"]
[Date "2005.06.15"]
[Round "4"]
[White "Korochenskiy, Alexey"]
[Black "Zubarev, Alexander2222"]
[Result "0-1"]
[WhiteElo "2262"]
[BlackElo "2514"]
[PlyCount "66"]
[EventDate "2005.06.12"]
[EventType "swiss"]
[EventRounds "9"]
[EventCountry "RUS"]
[SourceTitle "CBM 106 Extra"]
[Source "ChessBase"]
[SourceDate "2005.07.01"]
[SourceVersion "1"]
[SourceVersionDate "2005.07.01"]
[SourceQuality "1"]

1. d4 g6 2. Nf3 Bg7 3. g3 c5 4. Bg2 cxd4 5. Nxd4 Nc6 6. Nb3 Nf6 7. 0-0 0-0 8. c4 d6 9. Nc3 Be6 10. c5 d5 11. Bg5 d4 12. Nb5 h6 13. Bc1 Bd5 14. N5xd4 Bxg2 15. Kxg2 Qd5+ 16. Nf3 Qe6 17. a3 Rfd8 18. Qc2 Rd5 19. h3 Rad8 20. Be3 Rh5 21. Rh1 Nd5 22. Bd2 Qxe2 23. Rac1 Rf5 24. Bf4 Nxf4+ 25. gxf4 Qe6 26. Rcd1 Rxd1 27. Rxd1 Rxf4 28. Nbd2 Nd4 29. Qa4 Qd5 30. Kf1 g5 31. Ng1 Qf5 32. f3 Qd3+ 33. Kg2 Nf5 0-1

[Event "Voronezh op"]
[Site "Voronezh"]
[Date "2005.06.13"]
[Round "2"]
[White "Korochenskiy, Alexey"]
[Black "Elfert, Aleksandr V"]
[Result "1-0"]
[WhiteElo "2262"]
[BlackElo "2103"]
[PlyCount "57"]
[EventDate "2005.06.12"]
[EventType "swiss"]
[EventRounds "9"]
[EventCountry "RUS"]
[SourceTitle "CBM 106 Extra"]
[Source "ChessBase"]
[SourceDate "2005.07.01"]
[SourceVersion "1"]
[SourceVersionDate "2005.07.01"]
[SourceQuality "1"]

1. d4 Nf6 2. Nf3 b5 3. g3 Bb7 4. Bg2 e6 5. 0-0 d6 6. c4 a6 7. Qb3 Bc6 8. Nc3 bxc4 9. Qxc4 Be7 10. Qd3 Qc8 11. e4 Qb7 12. d5 Bd7 13. dxe6 fxe6 14. e5 Nd5 15. exd6 Nb4 16. Qe2 cxd6 17. Ne5 Qxg2+ 18. Kxg2 dxe5 19. Qh5+ Kf8 20. Bg5 Bc5 21. Be3 Bc6+ 22. Kh3 Bd6 23. f4 e4 24. Bc5 Bxc5 25. Qxc5+ Kf7 26. Qxb4 Nd7 27. f5 Rhe8 28. fxe6+ Kxe6 29. Rad1 1-0

[Event "RUS South Region-ch op"]
[Site "Belorechensk"]
[Date "2005.06.??"]
[Round "?"]
[White "Korochenskiy, Alexey"]
[Black "Dashko, Andrey"]
[Result "0-1"]
[WhiteElo "2269"]
[BlackElo "2359"]
[PlyCount "54"]
[EventDate "2005.06.??"]
[EventType "swiss"]
[EventRounds "9"]
[EventCountry "RUS"]
[SourceTitle "EXT 2007"]
[Source "ChessBase"]
[SourceDate "2006.11.23"]
[SourceVersion "1"]
[SourceVersionDate "2006.11.23"]
[SourceQuality "1"]

1. d4 Nf6 2. Nf3 g6 3. Bf4 Bg7 4. h3 c5 5. e3 Qb6 6. Qc1 d5 7. c3 Nc6 8. Qc2 Bf5 9. Qb3 Nd7 10. Nbd2 0-0 11. g4 Be4 12. Nxe4 dxe4 13. Ng5 cxd4 14. Qxb6 axb6 15. exd4 e5 16. dxe5 Nc5 17. b4 h6 18. bxc5 hxg5 19. Be3 Nxe5 20. Kd2 Nf3+ 21. Kc2 Ra3 22. Rc1 Rxc3+ 23. Kb1 Rxc1+ 24. Kxc1 bxc5 25. Bc4 Ne5 26. Bd5 Nd3+ 27. Kd2 Rb8 0-1

[Event "RUS South Region-ch op"]
[Site "Belorechensk"]
[Date "2005.06.??"]
[Round "?"]
[White "Pilavov, Georgy"]
[Black "Korochenskiy, Alexey"]
[Result "1-0"]
[WhiteElo "2550"]
[BlackElo "2269"]
[PlyCount "77"]
[EventDate "2005.06.??"]
[EventType "swiss"]
[EventRounds "9"]
[EventCountry "RUS"]
[SourceTitle "EXT 2007"]
[Source "ChessBase"]
[SourceDate "2006.11.23"]
[SourceVersion "1"]
[SourceVersionDate "2006.11.23"]
[SourceQuality "1"]

1. e4 e6 2. d4 d5 3. Nc3 Bb4 4. e5 b6 5. Qg4 Bf8 6. Bg5 Qd7 7. h4 h5 8. Qf3 Ba6 9. Bxa6 Nxa6 10. Nge2 c6 11. 0-0-0 Ne7 12. Nf4 g6 13. g4 hxg4 14. Qxg4 0-0-0 15. h5 gxh5 16. Nxh5 Bh6 17. Bxh6 Rxh6 18. Nf6 Rxf6 19. exf6 Nf5 20. Rh7 Rf8 21. Qh5 Qe8 22. Ne2 Nb8 23. Ng3 Nd6 24. Rh1 Nd7 25. Qh6 Kc7 26. Qf4 Qd8 27. R7h6 Rg8 28. c4 Qf8 29. cxd5 cxd5 30. Kb1 Kb7 31. Rc1 Nb8 32. Rh7 Nc6 33. Rg7 Rh8 34. Qg4 Qe8 35. Ne2 Rf8 36. Nf4 Kb8 37. Nd3 Nf5 38. a4 Kc7 39. Ne5 1-0

[Event "RUS South Region-ch op"]
[Site "Belorechensk"]
[Date "2005.06.??"]
[Round "?"]
[White "Pushkov, Nikolai"]
[Black "Korochenskiy, Alexey"]
[Result "1-0"]
[WhiteElo "2448"]
[BlackElo "2269"]
[PlyCount "51"]
[EventDate "2005.06.??"]
[EventType "swiss"]
[EventRounds "9"]
[EventCountry "RUS"]
[SourceTitle "EXT 2007"]
[Source "ChessBase"]
[SourceDate "2006.11.23"]
[SourceVersion "1"]
[SourceVersionDate "2006.11.23"]
[SourceQuality "1"]

1. d4 Nf6 2. Nf3 d5 3. c4 g6 4. cxd5 Nxd5 5. e4 Nb6 6. h3 Bg7 7. Nc3 0-0 8. Bf4 Be6 9. Rc1 c6 10. Be2 Bc4 11. Bxc4 Nxc4 12. 0-0 Na6 13. Qe2 Nd6 14. Rfd1 Qa5 15. e5 Nb5 16. Nxb5 cxb5 17. d5 Rfe8 18. a3 b4 19. axb4 Qxb4 20. Rd4 Qb6 21. Be3 Nb4 22. Qc4 a5 23. d6 Nc6 24. Rf4 Qxb2 25. Qxf7+ Kh8 26. Rh4 1-0

[Event "Maikop op"]
[Site "Maikop"]
[Date "2004.04.??"]
[Round "6"]
[White "Rakov, Valery"]
[Black "Korochenskiy, Alexey"]
[Result "1-0"]
[WhiteElo "2192"]
[BlackElo "2295"]
[PlyCount "132"]
[EventDate "2004.04.??"]
[EventType "swiss"]
[EventRounds "9"]
[EventCountry "RUS"]
[SourceTitle "EXT 2006"]
[Source "ChessBase"]
[SourceDate "2005.11.24"]
[SourceVersion "1"]
[SourceVersionDate "2005.11.24"]
[SourceQuality "1"]

1. f4 Nf6 2. Nf3 g6 3. b4 Bg7 4. Bb2 d5 5. e3 0-0 6. Be2 b6 7. b5 c5 8. bxc6 Nxc6 9. a4 Bb7 10. 0-0 Rc8 11. Na3 Na5 12. Bd4 Nc6 13. c3 Ne4 14. Bxg7 Kxg7 15. Nb5 a6 16. Nbd4 Na5 17. Ne5 Nc4 18. Bxc4 dxc4 19. Rb1 Rc5 20. Rb2 Bd5 21. Qe2 f6 22. Nef3 Qc7 23. f5 gxf5 24. Nxf5+ Kh8 25. N3h4 Ng5 26. Ng3 Bc6 27. Rb4 Bd7 28. Rf4 Rc8 29. Qd1 a5 30. Rb2 b5 31. axb5 Rxb5 32. Rxb5 Bxb5 33. Nhf5 a4 34. Nd4 Bd7 35. Nc2 Rg8 36. Na3 Rc8 37. Rxc4 Qd8 38. Rd4 Qe8 39. Rb4 Rb8 40. Qb1 Rxb4 41. Qxb4 Kg7 42. h4 Ne6 43. Nf5+ Kf8 44. Kf2 Ng7 45. Nxg7 Kxg7 46. Qc5 Kf8 47. e4 Qb8 48. g3 Qb2 49. Nc4 Qc2 50. Qd5 Be8 51. Ke3 Qd1 52. Qf5 Qe1+ 53. Kd4 Qxg3 54. Qxh7 Qf2+ 55. Kd3 Qf1+ 56. Kd4 Qf2+ 57. Kd3 Qf1+ 58. Kd4 Qg1+ 59. Kd3 Bf7 60. Qh8+ Bg8 61. Qh6+ Kf7 62. Qh5+ Kg7 63. Ne3 Qb1+ 64. Ke2 Qxe4 65. d3 Qf4 66. Qc5 Kf8 1-0

[Event "Maikop op"]
[Site "Maikop"]
[Date "2004.04.??"]
[Round "3"]
[White "Savchenko, Boris"]
[Black "Korochenskiy, Alexey"]
[Result "1-0"]
[WhiteElo "2488"]
[BlackElo "2295"]
[PlyCount "81"]
[EventDate "2004.04.??"]
[EventType "swiss"]
[EventRounds "9"]
[EventCountry "RUS"]
[SourceTitle "EXT 2006"]
[Source "ChessBase"]
[SourceDate "2005.11.24"]
[SourceVersion "1"]
[SourceVersionDate "2005.11.24"]
[SourceQuality "1"]

1. e4 e6 2. d4 d5 3. Nc3 Nf6 4. Bg5 Be7 5. e5 Nfd7 6. h4 c5 7. Bxe7 Kxe7 8. Nf3 Nc6 9. dxc5 Nxc5 10. Qd2 a6 11. 0-0-0 Kf8 12. h5 h6 13. Bd3 Bd7 14. Ne2 Rc8 15. Kb1 Qb6 16. Ned4 Na4 17. Nb3 Nb4 18. Nfd4 a5 19. f4 Ke7 20. Rh3 Rc7 21. Rg3 Nxb2 22. Kxb2 Nxd3+ 23. Rxd3 a4 24. Qe3 Ke8 25. f5 exf5 26. Nxf5 Qxe3 27. Nxe3 axb3 28. axb3 Be6 29. c4 d4 30. Rxd4 Rc8 31. Nd5 Rf8 32. Ra1 f6 33. exf6 gxf6 34. Ra7 Bxd5 35. Rxd5 Rc7 36. Kc3 Kf7 37. Rb5 Rb8 38. b4 Ke7 39. c5 Ke6 40. Kb3 Rg7 41. Rb6+ 1-0

[Event "Voronezh Master op"]
[Site "Voronezh"]
[Date "2003.06.13"]
[Round "2"]
[White "Chuprov, Dmitry"]
[Black "Korochenskiy, Alexey"]
[Result "1-0"]
[WhiteElo "2498"]
[BlackElo "2310"]
[PlyCount "52"]
[EventDate "2003.06.12"]
[EventType "swiss"]
[EventRounds "9"]
[EventCountry "RUS"]
[SourceTitle "CBM 094 Extra"]
[Source "ChessBase"]
[SourceDate "2003.07.09"]
[SourceVersion "2"]
[SourceVersionDate "2003.07.09"]
[SourceQuality "1"]

1. e4 e6 2. d4 d5 3. Nc3 Bb4 4. e5 c5 5. a3 Ba5 6. b4 cxd4 7. Nb5 Bc7 8. f4 Ne7 9. Bd3 Bd7 10. Nxd4 Ba4 11. Ngf3 Nbc6 12. Ne2 Nb8 13. 0-0 a6 14. Kh1 Bb5 15. Bxb5+ axb5 16. Nc3 Nd7 17. Nxb5 Nb6 18. Nfd4 0-0 19. Rb1 Ng6 20. Rb3 Re8 21. Qh5 Rc8 22. Rh3 Nf8 23. f5 Bxe5 24. fxe6 f6 25. Qf7+ Kh8 26. Nf5 Nxe6 1-0